000 00623nam a2200229 a 4500
001 13074
003 BD-JhCC
005 20230617080034.0
008 171219s2021 bg |||| |||| 000 0 ben d
020 _a9789847766690
035 _a(BD-JhCC)13074
040 _aBD-JhCC
_dBD-JhCC
041 _abengali
082 _bHOS 2021
_a923.1
100 _aহোসেন,আফতাব
245 _aতিতুমীর /
_cআফতাব হোসেন।
260 _aঢাকা:
_bঐতিহ্য;
_c২০১৬.
300 _a240 p.;
_c22 cm
600 _aTitumir
650 _aBiography
942 _2ddc
_cBK
_02
999 _c13074
_d13074